000 00838nam a2200181Ia 4500
008 090124s9999 xx 000 0 und d
082 _b26459
100 _aफडके य. दि.
245 _a डॉ. बाबासाहेब आंबेडकर आणि इंडियन नॅशनल काँग्रेस
250 _a1
260 _bडॉ. आंबेडकर कॉलेज ऑफ (com. & eco.)
_c1986
300 _a49
600 _aफडके य. दि.
630 _a डॉ. बाबासाहेब आंबेडकर आणि इंडियन नॅशनल काँग्रेस
700 _aफडके य. दि.
730 _a डॉ. बाबासाहेब आंबेडकर आणि इंडियन नॅशनल काँग्रेस
942 _cBOOK
999 _c93876
_d93876